[Event "chess.com SpeedChess Q1Sw"]
[Site "chess.com INT"]
[Date "2022.11.10"]
[Round "4"]
[White "Ter-Sahakyan, Samvel"]
[Black "Sadhwani, Raunak"]
[Result "1-0"]
[WhiteTitle "GM"]
[BlackTitle "GM"]
[WhiteElo "2605"]
[BlackElo "2628"]
[WhiteFideId "13302531"]
[BlackFideId "35093487"]
[EventDate "2022.11.10"]

1. e4 c6 2. d4 d5 3. e5 c5 4. dxc5 e6 5. Be3 Nd7 6. Nf3 Bxc5 7. Bxc5 Nxc5 8. Qd4
Qb6 9. Nbd2 Ne7 10. Nb3 Nd7 11. Qxb6 Nxb6 12. Nbd4 Bd7 13. Bd3 a6 14. b3 Rc8 15.
Kd2 Bc6 16. h4 Nd7 17. Rhe1 Nc5 18. h5 h6 19. Nh4 Bd7 20. f4 Nc6 21. Nhf3 Kd8
22. Nxc6+ bxc6 23. b4 Nxd3 24. cxd3 c5 25. bxc5 Rxc5 26. Rec1 Ra5 27. Nd4 Ra4
28. Ke3 Rg8 29. Rab1 Re8 30. Rb8+ Ke7 31. Rb7 Kd8 32. Ra7 Rxa2 33. Rcc7 Re7 34.
Nc6+ Bxc6 35. Rxe7 Be8 36. Reb7 Kc8 37. Rb1 Bc6 38. Rb6 Bd7 39. Rbxa6 Rxg2 40.
Rd6 Bb5 41. Rxf7 Rg3+ 42. Kd4 Rxd3+ 43. Kc5 Ba4 44. Rxe6 d4 45. Rd6 Rh3 46. Rxd4 1-0

[Event "chess.com SpeedChess Q1Sw"]
[Site "chess.com INT"]
[Date "2022.11.10"]
[Round "4"]
[White "Predke, Alexandr"]
[Black "Dubov, Daniil"]
[Result "0-1"]
[WhiteTitle "GM"]
[BlackTitle "GM"]
[WhiteElo "2684"]
[BlackElo "2708"]
[WhiteFideId "24107581"]
[BlackFideId "24126055"]
[EventDate "2022.11.10"]

1. Nf3 d5 2. g3 Nf6 3. Bg2 g6 4. O-O Bg7 5. d4 O-O 6. a4 Bf5 7. a5 Nc6 8. Bf4
Ne4 9. c3 b6 10. a6 Qd7 11. Nbd2 Rfe8 12. Re1 Nxd2 13. Nxd2 Bg4 14. Qb3 Rad8 15.
Qa4 h6 16. h3 Be6 17. e4 g5 18. Be3 dxe4 19. Bxe4 Bd5 20. Bxd5 Qxd5 21. Qc4 Qd7
22. Nf3 Na5 23. Qf1 Qd5 24. Qg2 Nc4 25. Bc1 c5 26. b3 Na5 27. Rxa5 bxa5 28. c4
Qf5 29. d5 Qd3 30. h4 g4 31. Ne5 Qc3 32. Qe4 Qxe5 33. Qxe5 Bxe5 34. Rxe5 e6 35.
Bxh6 exd5 36. Rg5+ Kh7 37. Bg7 Rg8 38. Bf6 Rxg5 39. hxg5 Rd7 40. cxd5 Rxd5 41.
Kf1 Kg6 42. Ke2 Kf5 43. Ke3 Rd6 44. Bc3 Rxa6 45. Kd3 a4 46. bxa4 Rxa4 0-1

[Event "chess.com SpeedChess Q1Sw"]
[Site "chess.com INT"]
[Date "2022.11.10"]
[Round "4"]
[White "Ambartsumova, Karina"]
[Black "Li, Ruifeng"]
[Result "0-1"]
[WhiteTitle "IM"]
[BlackTitle "GM"]
[WhiteElo "2399"]
[BlackElo "2541"]
[WhiteFideId "4166299"]
[BlackFideId "2061074"]
[EventDate "2022.11.10"]

1. Nf3 d6 2. d4 f5 3. Bg5 h6 4. Bf4 g5 5. Bc1 Bg7 6. g3 Nf6 7. Bg2 c6 8. c4 O-O
9. Nc3 Nbd7 10. O-O e5 11. dxe5 Nxe5 12. Nd4 Nxc4 13. b3 Ne5 14. Qc2 f4 15. gxf4
gxf4 16. Bxf4 Nh5 17. Bg3 Nf4 18. Qe4 d5 19. Qc2 Ng4 20. e3 Nxg2 21. Kxg2 Qg5
22. Qe2 Bd7 23. Rae1 Rae8 24. Qd3 Qh5 25. Nce2 Qh3+ 26. Kg1 Ne5 27. Qc2 Bg4 28.
Nf4 Rxf4 29. Bxf4 Nf3+ 30. Nxf3 Bxf3 31. Qg6 Re6 32. Qg3 Qh5 33. h4 Rg6 34. Kh2
Rxg3 35. fxg3 Be4 36. Rf2 Bd3 37. Rd2 Qg6 38. Rf2 h5 39. Rd1 Bf6 40. Rg1 Kg7 41.
Rd1 Qe4 42. Rfd2 Bb5 43. Rg1 Kf7 44. Rf2 Ke6 45. g4 hxg4 46. Rxg4 c5 47. Kh3
Qh1+ 48. Kg3 Bf1 49. Bg5 Qh3+ 50. Kf4 Be5# 0-1

[Event "chess.com SpeedChess Q1Sw"]
[Site "chess.com INT"]
[Date "2022.11.10"]
[Round "4"]
[White "Aditya, Mittal"]
[Black "Namitbir, Singh Walia"]
[Result "1-0"]
[WhiteTitle "IM"]
[BlackTitle "FM"]
[WhiteElo "2486"]
[BlackElo "2339"]
[WhiteFideId "35042025"]
[BlackFideId "35071068"]
[EventDate "2022.11.10"]

1. d4 Nf6 2. c4 c5 3. d5 d6 4. Nc3 g6 5. e4 Bg7 6. Be2 O-O 7. Be3 e6 8. Nf3 exd5
9. cxd5 Bg4 10. Nd2 Bxe2 11. Qxe2 Na6 12. O-O Nc7 13. a4 b6 14. Kh1 a6 15. Nc4
Rb8 16. Bf4 Nfe8 17. Bg3 b5 18. axb5 axb5 19. Na5 Qd7 20. Nc6 Rb7 21. f4 b4 22.
Nd1 Nb5 23. e5 dxe5 24. fxe5 Nec7 25. Ne3 Nd4 26. Nxd4 cxd4 27. Ng4 Nxd5 28.
Rad1 h5 29. Nf6+ Nxf6 30. exf6 Bh6 31. Qe4 Re8 32. Qxd4 Qxd4 33. Rxd4 b3 34. h4
Ra7 35. Rb4 Ra2 36. Rxb3 Re2 37. Rb8+ Kh7 38. Rb7 Raxb2 39. Rxf7+ Kg8 40. Rd7
Rxg2 41. f7+ Kf8 42. Rd8+ 1-0

[Event "chess.com SpeedChess Q1Sw"]
[Site "chess.com INT"]
[Date "2022.11.10"]
[Round "4"]
[White "Pranav, Anand"]
[Black "Mamedov, Rauf"]
[Result "0-1"]
[WhiteTitle "IM"]
[BlackTitle "GM"]
[WhiteElo "2502"]
[BlackElo "2646"]
[WhiteFideId "46626786"]
[BlackFideId "13401653"]
[EventDate "2022.11.10"]

1. d4 Nf6 2. c4 g6 3. Nc3 Bg7 4. e4 d6 5. Be2 O-O 6. Be3 Nc6 7. d5 Ne5 8. h3 e6
9. Nf3 Nxf3+ 10. Bxf3 Nd7 11. O-O a5 12. Be2 Re8 13. Bd3 Ne5 14. f4 Nxd3 15.
Qxd3 exd5 16. cxd5 b5 17. a3 Ba6 18. b4 Qf6 19. Rac1 axb4 20. axb4 Bb7 21. Rfe1
Ra3 22. Qxb5 Rb8 23. Nb1 Raa8 24. Rxc7 Ba6 25. Qc6 Bb5 26. Qc2 Ba4 27. Qd2 Qd8
28. Rec1 Qe8 29. Nc3 Bd7 30. Bd4 Bf8 31. Rb1 Qd8 32. Rc6 Qh4 33. Qe3 Bh6 34. Ne2
Ra2 35. Rxd6 Bb5 36. Bb2 Bxe2 37. Qd4 Rxb2 38. Qxb2 Bxf4 39. Rc6 Bd3 40. Rbc1
Bxc1 41. Qxc1 Bxe4 42. Rc8+ Rxc8 43. Qxc8+ Kg7 44. Qc3+ Qf6 45. Qc4 Qa1+ 46. Kh2
Qe5+ 0-1

[Event "chess.com SpeedChess Q1Sw"]
[Site "chess.com INT"]
[Date "2022.11.10"]
[Round "4"]
[White "Paravyan, David"]
[Black "Riehle, Marco"]
[Result "1-0"]
[WhiteTitle "GM"]
[BlackTitle "FM"]
[WhiteElo "2586"]
[BlackElo "2355"]
[WhiteFideId "4194985"]
[BlackFideId "12904392"]
[EventDate "2022.11.10"]

1. e4 e5 2. Nf3 Nf6 3. Nc3 Nc6 4. d4 exd4 5. Nxd4 Nxe4 6. Nxe4 Qe7 7. Bd3 Nxd4
8. O-O Ne6 9. f4 d5 10. Nc3 Qc5+ 11. Kh1 g6 12. f5 gxf5 13. Bxf5 Bd7 14. Qxd5
Qxd5 15. Nxd5 O-O-O 16. Be3 Bb5 17. Rfd1 Bd6 18. Bg5 Rdf8 19. Bf6 Rhg8 20. Be7
Re8 21. Bxd6 cxd6 22. Nf6 Kc7 23. Bxe6 fxe6 24. Rd4 Ref8 25. Nxg8 Rxg8 26. Kg1
e5 27. Rh4 Rg7 28. c4 Bc6 29. g3 b5 30. Rc1 Kb6 31. Rh6 bxc4 32. Rxd6 Kc5 33.
Rh6 Kd5 34. b3 Bb5 35. a4 Be8 36. Rxc4 Rb7 37. Rc3 Kd4 38. Rc8 Bg6 39. Rd8+ Ke3
40. g4 Be4 41. Rh3+ Bf3 42. Rd1 e4 43. Re1+ Kd2 44. Rxf3 exf3 45. Re5 Rxb3 46.
Kf2 Rb7 47. h3 Kc3 48. Kxf3 Kb3 49. Rb5+ 1-0

[Event "chess.com SpeedChess Q1Sw"]
[Site "chess.com INT"]
[Date "2022.11.10"]
[Round "4"]
[White "Yang, Kaiqi"]
[Black "Sevian, Samuel"]
[Result "0-1"]
[WhiteTitle "GM"]
[BlackTitle "GM"]
[WhiteElo "2481"]
[BlackElo "2687"]
[WhiteFideId "8604398"]
[BlackFideId "2040506"]
[EventDate "2022.11.10"]

1. e4 c5 2. c3 Qa5 3. Nf3 Nc6 4. Be2 d6 5. O-O Nf6 6. d3 g6 7. Nbd2 Bg7 8. Nc4
Qc7 9. a4 O-O 10. h3 e5 11. Bg5 Be6 12. b3 d5 13. Ncd2 Rad8 14. Qc2 h6 15. Bh4
Rfe8 16. exd5 Bxd5 17. Ne4 g5 18. Nxf6+ Bxf6 19. Bg3 Qb6 20. Nd2 Bg7 21. Bf3
Bxf3 22. Nxf3 f5 23. Nd2 Qc7 24. Nc4 Qd7 25. Rad1 f4 26. Bh2 Ne7 27. Qe2 Nd5 28.
Qc2 b6 29. Rfe1 a6 30. Nd2 Qc6 31. Ne4 Rd7 32. Qe2 Red8 33. Rd2 Qg6 34. Red1 h5
35. g4 h4 36. Qf3 Bf8 37. Kg2 Be7 38. Kh1 Kg7 39. Kg2 Kh6 40. Kh1 Qe6 41. Kg2
Qc6 42. Bg1 b5 43. axb5 axb5 44. Ra2 Bf6 45. Rda1 Nc7 46. Rd1 Bg7 47. Rad2 Qb6
48. b4 cxb4 49. cxb4 Ne6 50. Ra1 Nd4 51. Qd1 f3+ 52. Kh1 Ne2 53. Bh2 Rd4 54. Ra5
Rxe4 55. dxe4 Qxf2 56. Ra6+ Kh7 0-1

[Event "chess.com SpeedChess Q1Sw"]
[Site "chess.com INT"]
[Date "2022.11.10"]
[Round "4"]
[White "Goltseva, Ekaterina"]
[Black "Kovalev, Vladislav"]
[Result "1/2-1/2"]
[WhiteTitle "FM"]
[BlackTitle "GM"]
[WhiteElo "2265"]
[BlackElo "2623"]
[WhiteFideId "24173770"]
[BlackFideId "13504398"]
[EventDate "2022.11.10"]

1. d4 Nf6 2. c4 e6 3. Nc3 Bb4 4. g3 O-O 5. Bg2 d5 6. Nf3 dxc4 7. O-O Nbd7 8. Qc2
Nb6 9. Rd1 Qe7 10. Ne5 Rd8 11. Bg5 h6 12. Bxf6 Qxf6 13. Ne4 Qe7 14. Nxc4 Nxc4
15. Qxc4 c6 16. Nc5 Ba5 17. b4 Bc7 18. b5 cxb5 19. Qxb5 Rb8 20. a4 e5 21. d5 Bd6
22. Ne4 Bd7 23. Qb3 b6 24. Nxd6 Qxd6 25. Rac1 Rdc8 26. e4 Rc5 27. Bf1 Rbc8 28.
Rxc5 Rxc5 29. Ra1 f5 30. Qe3 Kh8 31. Bg2 fxe4 32. Qxe4 Be8 33. Qf5 Bg6 34. Qg4
Kh7 35. h4 Qf6 36. Re1 Bf5 37. Be4 g6 38. Qf3 Kg7 39. Bxf5 gxf5 40. Qe3 e4 41.
Qd2 Qe5 42. Rd1 Rc8 43. d6 Rd8 44. d7 Kf7 45. Kg2 Qe6 46. Qd4 Qf6 47. Qd5+ Qe6
48. Qd4 Qf6 49. Qd5+ Qe6 50. Qd4 1/2-1/2

[Event "chess.com SpeedChess Q1Sw"]
[Site "chess.com INT"]
[Date "2022.11.10"]
[Round "4"]
[White "Eljanov, Pavel"]
[Black "Firat, Burak"]
[Result "0-1"]
[WhiteTitle "GM"]
[BlackTitle "GM"]
[WhiteElo "2706"]
[BlackElo "2460"]
[WhiteFideId "14102951"]
[BlackFideId "6305881"]
[EventDate "2022.11.10"]

1. e4 e5 2. Nf3 Nc6 3. Bc4 Nf6 4. d3 Bc5 5. O-O d6 6. c3 a6 7. Re1 Ba7 8. a4 h6
9. b4 O-O 10. h3 Ne7 11. Nbd2 Ng6 12. Bb3 Nh5 13. Nf1 Nhf4 14. Ng3 Be6 15. d4
exd4 16. cxd4 d5 17. e5 f6 18. Be3 fxe5 19. dxe5 Qd7 20. Bxa7 Rxa7 21. Nd4 c6
22. Nxe6 Qxe6 23. Nh5 Nxg2 24. Kxg2 Nh4+ 25. Kg3 Rf3+ 26. Qxf3 Nxf3 27. Kxf3
Qf5+ 28. Kg2 Qxh5 29. e6 Ra8 30. Re3 Re8 31. Rae1 Qg5+ 32. Kf1 Re7 33. Bc2 Qf6
34. a5 Qb2 35. Bg6 Qxb4 36. Rf3 Qxa5 37. Rf7 Qc5 38. Re3 d4 39. Ref3 Qc1+ 40.
Kg2 Qg5+ 41. Rg3 Qh4 42. Rg4 Rxe6 43. Rxh4 Rxg6+ 0-1

[Event "chess.com SpeedChess Q1Sw"]
[Site "chess.com INT"]
[Date "2022.11.10"]
[Round "4"]
[White "Rostomyan, Mikayel"]
[Black "Yuan, Qingyu"]
[Result "1/2-1/2"]
[WhiteTitle "CM"]
[WhiteElo "2219"]
[BlackElo "2373"]
[WhiteFideId "13313754"]
[BlackFideId "8609772"]
[EventDate "2022.11.10"]

1. d4 d5 2. c4 e6 3. Nf3 Nf6 4. g3 dxc4 5. Qa4+ Bd7 6. Qxc4 Bc6 7. Bg2 Nbd7 8.
O-O Bd6 9. a4 a5 10. Nc3 O-O 11. Bf4 Qe7 12. Nb5 Nb6 13. Qd3 Be4 14. Qd1 Nbd5
15. Bxd6 cxd6 16. Nd2 Bxg2 17. Kxg2 Rfc8 18. e4 Nb4 19. Qb3 Rc6 20. Rac1 Rac8
21. Rc3 Ra8 22. f3 h5 23. h4 Qd8 24. Rfc1 Qb6 25. Nc4 Qd8 26. Ncxd6 Rxd6 27.
Nxd6 Qxd6 28. e5 Qxd4 29. exf6 gxf6 30. Rc8+ Rxc8 31. Rxc8+ Kg7 32. Qc3 Qd1 33.
Qc5 Nd3 34. Qf8+ Kg6 35. Qg8+ Kf5 36. Qh7+ Ke5 37. Qxh5+ f5 38. Qh8+ f6 39. Qd8
Qe2+ 40. Kg1 Qf2+ 41. Kh1 Qxf3+ 42. Kh2 Qf2+ 43. Kh1 Qe1+ 44. Kh2 Qe2+ 45. Kg1
Qe3+ 46. Kh2 f4 47. Qc7+ Kf5 48. Qh7+ Ke5 49. Qc7+ Kf5 50. Qh7+ Ke5 51. Qc7+ 1/2-1/2

[Event "chess.com SpeedChess Q1Sw"]
[Site "chess.com INT"]
[Date "2022.11.10"]
[Round "4"]
[White "Le, Tuan Minh"]
[Black "Fedoseev, Vladimir3"]
[Result "1-0"]
[WhiteTitle "IM"]
[BlackTitle "GM"]
[WhiteElo "2542"]
[BlackElo "2688"]
[WhiteFideId "12401153"]
[BlackFideId "24130737"]
[EventDate "2022.11.10"]

1. d4 Nf6 2. Nf3 e6 3. Bf4 b6 4. e3 Bb7 5. Bd3 Be7 6. O-O Nh5 7. Bg3 Nxg3 8.
hxg3 c5 9. c3 O-O 10. e4 d5 11. e5 Ba6 12. g4 Bxd3 13. Qxd3 Nc6 14. a3 Rc8 15.
Nbd2 Bg5 16. Rae1 h6 17. g3 cxd4 18. cxd4 Bxd2 19. Qxd2 f5 20. g5 hxg5 21. Nxg5
Nxd4 22. f4 Nc2 23. Rc1 Qc7 24. Rf2 Qd7 25. Rxc2 Rxc2 26. Qxc2 Rc8 27. Qd1 g6
28. Rc2 Rc5 29. b4 Rc6 30. Qc1 Rxc2 31. Qxc2 d4 32. Qc4 d3 33. Qc1 d2 34. Qd1
Qd3 35. Kg2 a5 36. Nf3 Qxa3 37. bxa5 bxa5 38. Qxd2 Qe7 39. Qxa5 Qd7 40. Qa8+ Kg7
41. Qa2 Qc6 42. Qe2 Qd5 43. Kh2 Qc6 44. Ng5 Kf8 45. Qd2 Ke7 46. Qd6+ Qxd6 47.
exd6+ Kxd6 48. Kh3 Kd5 49. Nf7 Ke4 50. Ne5 g5 51. Ng6 1-0

[Event "chess.com SpeedChess Q1Sw"]
[Site "chess.com INT"]
[Date "2022.11.10"]
[Round "4"]
[White "Lazavik, Denis"]
[Black "Boros, Denes"]
[Result "1-0"]
[WhiteTitle "IM"]
[BlackTitle "GM"]
[WhiteElo "2529"]
[BlackElo "2402"]
[WhiteFideId "13515110"]
[BlackFideId "722340"]
[EventDate "2022.11.10"]

1. d4 g6 2. c4 Nf6 3. g3 Nc6 4. Nf3 d5 5. cxd5 Nxd5 6. Bg2 Nb6 7. Nc3 Bg7 8. e3
O-O 9. O-O Bd7 10. h3 a5 11. Qe2 a4 12. Rd1 Qc8 13. Kh2 Re8 14. e4 e5 15. Be3
exd4 16. Nxd4 Na5 17. Rac1 Nac4 18. Bf4 c6 19. b3 axb3 20. axb3 Ne5 21. Be3 c5
22. Ndb5 Bf8 23. f4 Bxb5 24. Nxb5 Nc6 25. e5 Rd8 26. Bxc5 Rxd1 27. Qxd1 Bxc5 28.
Rxc5 Ra2 29. Rc2 Qa8 30. Nd6 Nb4 31. Rd2 Qa3 32. Ne4 Rxd2 33. Nf6+ Kg7 34. Qxd2
Nc6 35. Qc3 Na4 36. Qd3 Nc5 37. Qd6 Qb4 38. Nd5 Qa3 39. Qf6+ Kg8 40. h4 Nd7 41.
Qg5 Qf8 42. h5 h6 43. Qg4 Nc5 44. hxg6 Kh8 45. gxf7 Qxf7 46. Qc8+ Kh7 47. Nf6+
Kg7 48. Bxc6 bxc6 49. Qxc6 Ne6 50. Qf3 Nd4 51. Qg4+ Kh8 52. b4 Ne6 53. Qf5 Nd4
54. Qc8+ Kg7 55. Qd7 Nb5 56. Qxf7+ 1-0

[Event "chess.com SpeedChess Q1Sw"]
[Site "chess.com INT"]
[Date "2022.11.10"]
[Round "4"]
[White "Durarbayli, Vasif"]
[Black "Lopez Martinez, Josep Manuel"]
[Result "1-0"]
[WhiteTitle "GM"]
[BlackTitle "GM"]
[WhiteElo "2612"]
[BlackElo "2493"]
[WhiteFideId "13402935"]
[BlackFideId "2212943"]
[EventDate "2022.11.10"]

1. e4 c5 2. Nf3 d6 3. d4 cxd4 4. Nxd4 Nf6 5. Nc3 a6 6. Be2 e6 7. Be3 Qc7 8. a3
h5 9. f4 Nbd7 10. Bf3 Rb8 11. O-O b5 12. Qe2 b4 13. axb4 Rxb4 14. Nb3 Bb7 15.
Bf2 Be7 16. Rfe1 e5 17. f5 Ng4 18. Bxg4 hxg4 19. Qxg4 Nf6 20. Qf3 Rc4 21. Na5
Rxc3 22. bxc3 Ba8 23. c4 Qc8 24. c5 d5 25. exd5 Bxd5 26. Qg3 e4 27. Rab1 O-O 28.
c4 Ba8 29. c6 Bxc6 30. Nxc6 Qxc6 31. c5 Bxc5 32. Rbc1 Bxf2+ 33. Qxf2 Qb5 34. h3
Re8 35. Qf4 a5 36. Rb1 Qc5+ 37. Kh2 Nd5 38. Qg3 Qa7 39. Rb5 Nf6 40. Ra1 a4 41.
Rb4 e3 42. Rbxa4 Qe7 43. Re1 Nh5 44. Qf3 Qe5+ 45. Kg1 Ng3 46. f6 1-0

[Event "chess.com SpeedChess Q1Sw"]
[Site "chess.com INT"]
[Date "2022.11.10"]
[Round "4"]
[White "Harshavardhan, G B"]
[Black "Bluebaum, Matthias"]
[Result "0-1"]
[WhiteTitle "IM"]
[BlackTitle "GM"]
[WhiteElo "2426"]
[BlackElo "2651"]
[WhiteFideId "25059009"]
[BlackFideId "24651516"]
[EventDate "2022.11.10"]

1. d4 Nf6 2. Nf3 d5 3. c4 e6 4. g3 Be7 5. Bg2 O-O 6. O-O c6 7. Qc2 b6 8. Nbd2 c5
9. b3 Nc6 10. Bb2 Ba6 11. Rfd1 Rc8 12. Rac1 cxd4 13. Nxd4 Nxd4 14. Bxd4 Ba3 15.
Bb2 Qe7 16. Qb1 dxc4 17. Nxc4 Bxc4 18. Bxa3 Qxa3 19. Rxc4 Rxc4 20. bxc4 g6 21.
Qb3 Qe7 22. Qf3 Rc8 23. Qf4 Kg7 24. Qh4 Qc5 25. e4 Qxc4 26. Qf4 Qe2 27. Bf3 Qxa2
28. e5 Ng8 29. Rd7 Qb1+ 30. Kg2 Qf5 31. Qxf5 gxf5 32. Bh5 Nh6 33. Rxa7 Rc5 34.
f4 Rc2+ 35. Kg1 Rb2 36. Rb7 b5 37. h3 Rb4 38. Kg2 Kf8 39. Kf3 Rb3+ 40. Kf2 b4
41. g4 Rxh3 42. Rb8+ Kg7 43. Kg2 fxg4 44. Bxg4 Rh4 45. Bf3 Rxf4 46. Rb7 Nf5 47.
Bh5 Ne3+ 48. Kg3 Nd5 49. Rb5 Rf5 50. Bf3 Rxe5 51. Bxd5 Rxd5 52. Rxb4 Rg5+ 53.
Kh4 Rg6 54. Rf4 f5 55. Rf2 Kf6 56. Re2 e5 57. Rf2 f4 58. Re2 Kf5 59. Rf2 Rh6# 0-1

[Event "chess.com SpeedChess Q1Sw"]
[Site "chess.com INT"]
[Date "2022.11.10"]
[Round "4"]
[White "Guseinov, Gadir"]
[Black "Martinez Alcantara, Jose Eduardo"]
[Result "0-1"]
[WhiteTitle "GM"]
[BlackTitle "GM"]
[WhiteElo "2661"]
[BlackElo "2597"]
[WhiteFideId "13401378"]
[BlackFideId "3805662"]
[EventDate "2022.11.10"]

1. e4 e5 2. Nf3 Nc6 3. Bb5 a6 4. Bxc6 dxc6 5. O-O Bg4 6. h3 Bxf3 7. Qxf3 Ne7 8.
d3 Ng6 9. Nd2 Bc5 10. Nc4 Qe7 11. a4 O-O 12. Be3 f6 13. Kh1 Rfd8 14. a5 Bd4 15.
Rad1 Nf8 16. c3 Bxe3 17. Qxe3 Ne6 18. b4 c5 19. Rb1 Rab8 20. b5 axb5 21. Rxb5
Qd7 22. Rfb1 Qc6 23. Kh2 h6 24. g3 Kh8 25. h4 Kg8 26. Qe2 Kh8 27. Ne3 Ra8 28.
Nd5 Qd6 29. Qa2 b6 30. Nxb6 cxb6 31. Rxb6 Qxd3 32. Qxe6 Qxe4 33. a6 Rxa6 34. Qe7
Rd2 35. Qxc5 Raa2 36. Rf1 Qf3 37. Kg1 Rxf2 38. Qxf2 Rxf2 39. Rxf2 Qxg3+ 40. Kf1
Qd3+ 41. Kg1 Qxc3 42. Rbb2 Qc1+ 43. Kh2 Qc7 44. Rg2 e4+ 45. Kg1 Kh7 46. Rbc2
Qb6+ 47. Kf1 f5 48. Rgf2 Qb5+ 49. Ke1 Qe5 50. Kf1 f4 51. Rce2 f3 52. Rxf3 Qa1+
53. Re1 Qa6+ 0-1

[Event "chess.com SpeedChess Q1Sw"]
[Site "chess.com INT"]
[Date "2022.11.10"]
[Round "4"]
[White "Rohith, Krishna S"]
[Black "Aaditya, Dhingra"]
[Result "0-1"]
[WhiteTitle "FM"]
[BlackTitle "CM"]
[WhiteElo "2380"]
[BlackElo "2172"]
[WhiteFideId "46617051"]
[BlackFideId "25678191"]
[EventDate "2022.11.10"]

1. g3 c5 2. Bg2 Nc6 3. Nf3 g6 4. O-O Bg7 5. c4 Nf6 6. Nc3 O-O 7. d4 cxd4 8. Nxd4
Qa5 9. Nf3 d6 10. Re1 Be6 11. Nd2 Rac8 12. a3 Qh5 13. e3 Qxd1 14. Rxd1 Na5 15.
Nd5 Rfe8 16. Rb1 Nxc4 17. Nxf6+ Bxf6 18. Bxb7 Rb8 19. Ba6 Bg4 20. Rf1 Nxb2 21.
Ne4 Bg7 22. Bd2 Rb6 23. f3 Bh3 24. Be2 Bxf1 25. Rxf1 d5 26. Nc5 Nc4 27. Bc1 Bb2
28. Na4 Bxc1 29. Rxc1 Rb3 30. e4 e6 31. Nc3 Rxa3 32. Bf1 Ne3 33. Nb5 Ra2 34. Nd6
Rd8 35. e5 Nxf1 36. Kxf1 d4 37. Rc7 Rf8 38. h4 d3 39. Ke1 Rb8 40. Nb7 Rb2 41.
Nd6 Re2+ 42. Kd1 Rb1+ 43. Rc1 Rxc1+ 44. Kxc1 a5 45. g4 a4 46. Nb5 Rc2+ 47. Kd1
Rb2 48. Na3 Rb3 49. Nc4 a3 50. Na5 Rb5 51. Kd2 Rxa5 52. Ke3 a2 53. Kf4 a1=Q 54.
Kg5 Qxe5+ 55. Kh6 Qf4+ 56. g5 Qxh4# 0-1

[Event "chess.com SpeedChess Q1Sw"]
[Site "chess.com INT"]
[Date "2022.11.10"]
[Round "4"]
[White "Dixit, Nikhil"]
[Black "Rustemov, Alexander"]
[Result "0-1"]
[WhiteTitle "FM"]
[BlackTitle "GM"]
[WhiteElo "2306"]
[BlackElo "2525"]
[WhiteFideId "5059534"]
[BlackFideId "4119002"]
[EventDate "2022.11.10"]

1. e4 e6 2. Qe2 c5 3. b3 Nc6 4. Bb2 d6 5. Nf3 Nf6 6. Nc3 Be7 7. O-O-O e5 8. h3
h6 9. g4 Be6 10. Qe3 a6 11. Be2 b5 12. Rdg1 Nd4 13. Bd1 Qc7 14. Nh4 g6 15. Ng2
a5 16. f4 a4 17. f5 Bd7 18. fxg6 fxg6 19. Nh4 axb3 20. axb3 g5 21. Ng6 Rg8 22.
Nxe7 Kxe7 23. h4 Be6 24. hxg5 hxg5 25. Rf1 Raf8 26. Ne2 b4 27. Ng3 Kd8 28. Nf5
Kc8 29. Nh6 Rg6 30. Nf5 Bxf5 31. exf5 Rg7 32. Bf3 Nxf3 33. Qxf3 Qb7 34. Qe2 Qe4
35. Qa6+ Kc7 36. Qa7+ Qb7 37. Qxb7+ Kxb7 38. Rfg1 Kc6 39. d3 Rh7 40. Rxh7 Nxh7
41. Kd1 Nf6 42. Bc1 Rg8 43. Ke2 d5 44. Kf3 d4 45. Rh1 Kd5 46. Rh6 e4+ 47. dxe4+
Nxe4 48. Rg6 Rh8 49. Bxg5 Rh3+ 50. Kf4 Rh2 51. Bh4 Rxh4 52. Re6 Nd6 53. Re5+ Kc6
54. Kg5 Rh2 55. Re6 Kd5 56. Re7 Rxc2 0-1

[Event "chess.com SpeedChess Q1Sw"]
[Site "chess.com INT"]
[Date "2022.11.10"]
[Round "4"]
[White "Sattarov, Bobir"]
[Black "Sreyas, Payyappat"]
[Result "1-0"]
[BlackTitle "FM"]
[WhiteElo "2433"]
[BlackElo "2145"]
[WhiteFideId "14203081"]
[BlackFideId "46674969"]
[EventDate "2022.11.10"]

1. e4 c6 2. Nc3 d5 3. Nf3 dxe4 4. Nxe4 Nf6 5. Qe2 Nxe4 6. Qxe4 Nd7 7. Bc4 Nf6 8.
Ne5 e6 9. Qe2 b5 10. Bd3 Qc7 11. a4 b4 12. Nxc6 Bd6 13. Nd4 a6 14. Nf5 Bb7 15.
Nxd6+ Qxd6 16. O-O O-O 17. b3 Nd5 18. g3 e5 19. Bb2 Rae8 20. Rae1 e4 21. Bxe4 f5
22. Bxd5+ Qxd5 23. Qc4 Rc8 24. Qxd5+ Bxd5 25. Rc1 Rfe8 26. Bd4 Re2 27. Be3 Be4
28. c4 bxc3 29. Rxc3 Rxc3 30. dxc3 Bc2 31. Bd4 Bxb3 32. a5 Bc4 33. Rb1 Bb5 34.
h4 Ra2 35. Re1 Kf7 36. Bb6 Rc2 37. Re3 Rc1+ 38. Kh2 Bc6 39. f3 h6 40. h5 Rc2+
41. Kh3 Bd7 42. g4 fxg4+ 43. fxg4 Rf2 44. Kg3 Rf1 45. Bc5 Rg1+ 46. Kf2 Rd1 47.
Kf3 Rf1+ 48. Kg2 Rd1 49. Rf3+ Kg8 50. Kg3 Kh7 51. Bd4 Be6 52. Rf8 Rg1+ 53. Bxg1 1-0

[Event "chess.com SpeedChess Q1Sw"]
[Site "chess.com INT"]
[Date "2022.11.10"]
[Round "4"]
[White "Tan, Zhongyi"]
[Black "Bok, Benjamin"]
[Result "0-1"]
[WhiteTitle "GM"]
[BlackTitle "GM"]
[WhiteElo "2514"]
[BlackElo "2618"]
[WhiteFideId "8603642"]
[BlackFideId "1017063"]
[EventDate "2022.11.10"]

1. d4 Nf6 2. c4 e6 3. Nc3 Bb4 4. e3 b6 5. Nf3 O-O 6. Bd3 Bxc3+ 7. bxc3 Bb7 8.
Qc2 d6 9. e4 e5 10. O-O Re8 11. Bg5 h6 12. Bh4 Nbd7 13. Rfe1 Nf8 14. Rad1 Ng6
15. Bg3 Nh5 16. c5 Nxg3 17. hxg3 dxc5 18. dxc5 Qe7 19. Bb5 c6 20. Bc4 Qxc5 21.
Qb3 Qe7 22. a4 Rad8 23. Nh2 Nf8 24. Ng4 Nd7 25. Ne3 Nc5 26. Nf5 Nxb3 27. Nxe7+
Kf8 28. Rxd8 Rxd8 29. Nxc6 Bxc6 30. Bxb3 Rd3 31. f3 Rxc3 32. Rb1 Ke7 33. g4 f6
34. Kf2 Kd6 35. Ke2 Kc5 36. Bd1 Ra3 37. Rc1+ Kd6 38. Bc2 Bxa4 39. Rd1+ Ke7 40.
Bxa4 Rxa4 41. Rc1 Ra2+ 42. Ke3 Kd6 43. Rd1+ Kc6 44. Rc1+ Kb7 45. Rd1 Kc7 46.
Rc1+ Kd6 47. Rd1+ Ke6 48. Rc1 b5 49. Rc7 b4 50. Rxg7 a5 51. Rb7 Ra3+ 52. Kf2 b3
53. Rb6+ Kf7 54. Kg3 a4 55. Kh4 Ra1 0-1

[Event "chess.com SpeedChess Q1Sw"]
[Site "chess.com INT"]
[Date "2022.11.10"]
[Round "4"]
[White "Harsha, Bharathakoti"]
[Black "Nguyen Hong Nhung"]
[Result "0-1"]
[WhiteTitle "GM"]
[BlackTitle "WFM"]
[WhiteElo "2582"]
[BlackElo "2003"]
[WhiteFideId "5078776"]
[BlackFideId "12412201"]
[EventDate "2022.11.10"]

1. e4 c5 2. Nf3 e6 3. g3 Nc6 4. Bg2 a6 5. O-O Qc7 6. Nc3 Nf6 7. Re1 d6 8. d4
cxd4 9. Nxd4 Be7 10. Nxc6 bxc6 11. e5 dxe5 12. Rxe5 Qxe5 13. Bxc6+ Bd7 14. Bxa8
O-O 15. Bf4 Qa5 16. Bg2 Rd8 17. Qe2 Qb4 18. Rb1 a5 19. Be5 Bc8 20. a3 Qb6 21.
Na4 Qa7 22. Rd1 Ba6 23. Rxd8+ Bxd8 24. Qd2 Be7 25. Qd4 Qxd4 26. Bxd4 Bb5 27. Nc3
Bd7 28. Bb6 a4 29. Kf1 Kf8 30. Ke2 Ng4 31. h3 Ne5 32. Bd4 Nc4 33. Ne4 e5 34. Bc3
f6 35. Nd2 Nb6 36. h4 Bb5+ 37. Ke1 Kf7 38. Ba5 Nd7 39. Bd5+ Kf8 40. Bb4 Bxb4 41.
axb4 Ke7 42. c4 Nb6 43. Bg8 Kf8 44. Bxh7 Bxc4 45. Nb1 Nd5 46. Nc3 Nxc3 47. bxc3
a3 48. Bb1 a2 49. Bxa2 Bxa2 50. Kd2 Bc4 51. Ke3 Ke7 52. Ke4 g6 53. f4 Ke6 54.
fxe5 fxe5 55. g4 Be2 56. g5 Bc4 57. Kf3 Kf5 58. Ke3 Bb5 59. Kf3 e4+ 60. Ke3 Bd3
61. Kd2 Kg4 62. b5 Bxb5 63. Ke3 Bd3 64. c4 Bxc4 0-1